Pierce The Veil Song Quiz - Statistics

General Stats
  • This quiz has been taken 4,028 times
  • The average score is 36 of 61
Answer Stats
Hint Answer % Correct
Collide With The Sky King For A Day
85%
A Flair For The Dramatic Yeah Boy and Doll Face
85%
Selfish Machines Besitos
75%
Collide With The Sky Hell Above
75%
Collide With The Sky Bulls In The Bronx
74%
Selfish Machines Caraphernelia
74%
Selfish Machines Caraphernelia (Acoustic)
74%
Collide With The Sky Hold On Till May
74%
Misadventures Circles
73%
Selfish Machines The Boy Who Could Fly
73%
Collide With The Sky A Match Into Water
71%
A Flair For The Dramatic Chemical Kids and Mechanical Brides
70%
A Flair For The Dramatic Drella
70%
A Flair For The Dramatic Wonderless
69%
Selfish Machines Bulletproof Love
66%
Selfish Machines Bulletproof Love (Acoustic)
66%
A Flair For The Dramatic I'd Rather Die Than Be Famous
66%
Misadventures Dive In
64%
Collide With The Sky I'm Low On Gas And You Need A Jacket
64%
Selfish Machines Southern Constellations
64%
Selfish Machines Kissing In Cars (Bonus Track)
63%
Selfish Machines The Sky Under The Sea
63%
A Flair For The Dramatic Currents Convulsive
62%
The Jaws Of Life The Jaws Of Life
62%
A Flair For The Dramatic Diamonds and Why Men Buy Them
61%
Selfish Machines Disasterology
61%
Selfish Machines Million Dollar Houses (The Painter)
61%
A Flair For The Dramatic The Balcony Scene
61%
A Flair For The Dramatic The Cheap Bouquet
61%
The Jaws Of Life Emergency Contact
60%
Collide With The Sky One Hundred Sleepless Nights
60%
The Jaws Of Life Pass The Nirvana
60%
Misadventures Song For Isabelle
60%
Selfish Machines Stay Away From My Friends
60%
Misadventures Floral & Fading
59%
Selfish Machines I Don't Care If You're Contagious
59%
Collide With The Sky Props & Mayhem
58%
Misadventures Texas Is Forever
58%
Collide With The Sky The First Punch
58%
Selfish Machines The New National Anthem
58%
Misadventures Today I Saw The Whole World
58%
Collide With The Sky Tangled In The Great Escape
57%
Misadventures Bedless
56%
A Flair For The Dramatic Falling Asleep on a Stranger
56%
A Flair For The Dramatic She Sings In The Morning
56%
Misadventures Sambuka
55%
Misadventures Gold Medal Ribbon
54%
Collide With The Sky Stained Glass Eyes And Colorful Tears
51%
Misadventures The Divine Zero
50%
The Jaws Of Life Death Of An Executioner
49%
Collide With The Sky May These Noises Startle You In Your Sleep Tonight
46%
Misadventures Phantom Power & Ludicrous Speed
44%
The Jaws Of Life So Far So Fake
44%
The Jaws Of Life 12 Fractures
43%
Selfish Machines Fast Times at Clairmont High
40%
The Jaws Of Life Flawless Execution
39%
The Jaws Of Life Even When I'm Not With You
37%
The Jaws Of Life Shared Trauma
37%
The Jaws Of Life Resilience
36%
The Jaws Of Life Damn The Man, Save The Empire
34%
The Jaws Of Life Irrational Fears - Interlude
24%
No matching quizzes found
Score Distribution
Percent of People with Each Score
Percentile by Number Answered
Your Score History
You have not taken this quiz